| 000 | 00505cam a22001932a 4500 | ||
|---|---|---|---|
| 001 | 021997 | ||
| 003 | AR-FADEU | ||
| 008 | 311216n2009####xxu####################dd | ||
| 020 | _a978-950-894-750-5 | ||
| 092 |
_aD340.01 _bZ77 |
||
| 100 | _aZinny, Mario Antonio | ||
| 245 | _aPor qué 20 días después de haber aprobado la última no nos acordábamos de nada? | ||
| 260 | _aBuenos Aires | ||
| 260 | _bAd-Hoc | ||
| 260 | _c2009 | ||
| 300 | _a40 p | ||
| 650 | _aDERECHO-ENSEÑANZA | ||
| 942 | _cBDGR | ||
| 999 |
_c27703 _d27703 |
||